000 00561nam a22001937a 4500
999 _c8411
_d8411
003 AR-CdUCM
008 190325b ||||| |||| 00| 0 spa d
040 _aMUNICIPALIDAD PROVINCIAL DEL CUSCO
_cBIBLIOTECA MUNICIPAL DEL CUSCO
082 _a364 /
_bG62
100 _aGómez Araujo, Segundo Crisóstomo
_923605
245 _aCoca o Corrupción
260 _aPerú :
_bCartomen :
_c2005.
300 _a172 páginas :
_c21cm
505 _aContenido: Crítica
650 _aCrítica
_9666
650 _aDelitos
_912134
942 _2ddc
_cLIBROS
945 _anom